Statystyki dla Stolice państw Europy w 1936

Kliknij tutaj aby rozwiązać quiz!

Ogólne statystyki

  • Ten quiz został rozwiązany 321 razy
  • Średni wynik to 29 z 33

Statystyki odpowiedzi

HintOdpowiedź% Poprawnych
lll ReszaBerlin
99%
CzechosłowacjaPraga
99%
PolskaWarszawa
99%
DaniaKopenhaga
98%
Wielka BrytaniaLondyn
98%
ZSRRMoskwa
98%
NorwegiaOslo
98%
GrecjaAteny
96%
IrlandiaDublin
96%
FrancjaParyż
96%
WłochyRzym
96%
AustriaWiedeń
96%
WęgryBudapeszt
95%
FinlandiaHelsinki
95%
SzwecjaSztokholm
95%
HolandiaAmsterdam
94%
AndoraAndora
94%
BelgiaBruksela
94%
RumuniaBukareszt
94%
PortugaliaLizbona
94%
MonakoMonako
94%
ŁotwaRyga
94%
San MarinoSan Marino
94%
LuksemburgLuksemburg
93%
Druga Republika HiszpańskaMadryt
92%
EstoniaTallin
92%
TurcjaIstambuł
86%
JugosławiaBelgrad
84%
AlbaniaTirana
80%
LiechtensteinVaduz
80%
LitwaKowno
64%
SzwajcariaZurych
53%
BułgariaPłowdiw
12%

Rozkład punktacji

Percentyl według liczby udzielonych odpowiedzi

Procent ludzi z każdym wynikiem

Twoja historia wyników

Nie rozwiązałeś tego quizu